Metodika tvorby osobnej kariéry : Diplomová práca

Na minha lista:
Detalhes bibliográficos
Autor principal: Ďurček, Vladimír (Author)
Outros Autores: Skubáková, Katarína (xxx)
Formato: Manuscrito Livro
Idioma:eslovaco
Publicado em: Trnava : STU v Bratislave MtF KMK, 2000
Assuntos:
Tags: Adicionar Tag
Sem tags, seja o primeiro a adicionar uma tag!

MARC

LEADER 00000ntm a22000003a 4500
001 stu79386
005 20160719154948.5
008 030303s2000----xo------------------slo-d
040 |a STU  |b slo 
041 0 |a slo 
044 |a xo 
100 1 |a Ďurček, Vladimír  |4 aut 
245 1 |a Metodika tvorby osobnej kariéry :  |b Diplomová práca 
260 |a Trnava :  |b STU v Bratislave MtF KMK,  |c 2000 
300 |a 61 s  |c abstr. + príl. 
650 7 |a osobná kariéra  |2 stusub 
650 7 |a manažérski pracovníci  |2 stusub 
650 7 |a manažment priemyselných podnikov  |2 stusub 
700 1 |a Skubáková, Katarína  |4 xxx  |u M190  |U MTF Materiálovotechnologická fakulta  |T MTF Katedra priemyselného inžinierstva a manažmentu  |U M190  |Y 167